| 000 | 00652cam a22001814a 4500 | ||
|---|---|---|---|
| 005 | 20250605164404.0 | ||
| 008 | 250528s ||||||||||||||||||||||||d | ||
| 035 | _a24733 | ||
| 040 |
_aGR-AtMCL _bgre _dGR-AtMCL _eAACR2 |
||
| 245 | 1 | _aA New Era / ETEC on Changing the Game for Top-Down DLP Printing | |
| 260 |
_bBpa Worldwide, _c2022 |
||
| 300 | _a42 | ||
| 520 | _aAutomotive and Rail: Applications from Divergent and Alstom and Volkswagen, Diversity: Conversations on the DEI Landscape in AM, Materials: New Material Formulations and Ceramics and Cooper. | ||
| 700 | 1 |
_aGriffins Laura _99479 |
|
| 942 | _cCR | ||
| 999 |
_c9592 _d9592 |
||